Quizzes
Events
Quiz Creation
Community
Videos
Private Events
Remove Ads
Sign In
Join for FREE
Feedback
Dark Mode
Quiz Categories
Sports
Geography
Music
Movies
Television
Just For Fun
Miscellaneous
History
Literature
Language
Science
Gaming
Entertainment
Religion
Holiday
For Kids
Quiz Lab
Recent
Popular Today
Quiz Kudos Today
Editor Picks
Curator Picks
Quizzes by...
Day
Popularity
Type
Ratings
Length
Year
Community
Subscriptions
Recent Discussions
Orange Saloon
Badges
Playlists
Quests
Create
Leaderboards
Showdown
Live 5
Trivia Bingo
Activity
Puzzle Library
Sporcle Events
Private Events
Virtual Trivia
Globe League
Become a Host
Pub Owners
SporcleCon
Opinionation
Our Games
Videos
Blog
Mobile Apps
Partnerships
Remove Ads and Go Orange
Feedback
Science
Computer
Plants
Astronomy
Chemistry
Elements
Math
Animal
Physics
Anatomy
Biology
Geology
General Science
Science
Computer
Plants
Astronomy
Chemistry
Elements
Math
Animal
Physics
Anatomy
Biology
Geology
General Science
Random Quiz
Search Sporcle
×
Quiz Lab
Quiz Lab
Science
Computer
Type in answers that appear in a list
Type in answers that appear in a list
Classic
Best Score? Go Orange.
30 popular programming languages Stats
Can you name the 30 most popular computer programming languages?
By
dogeth
8m
30 Questions
1,495 Plays
1,495 Plays
1,495 Plays
Comments
Comments
Give Quiz Kudos
Give Quiz Kudos
-
- Ratings
hide this ad
More Info
Replay
Link that replays current quiz
Next Quiz
Link to next quiz in quiz playlist
You Got
0%
They Got
Avg Score
48%
Avg Friend Score
Upgrade to see
Score Distribution
Jump to the score distribution portion of the page
Score
0/30
Timer
08:00
0
Plays Today
Popularity
Language
% Correct
1st
C
98.1%
15th
Objective C
98.1%
2nd
Java
95.2%
3rd
C++
92.1%
6th
Python
79.8%
5th
JavaScript
79.1%
7th
C#
75.1%
4th
PHP
66.6%
10th
Ruby
66.5%
12th
Visual Basic
65.7%
8th
Perl
62.5%
23rd
Fortran
55%
27th
D
54.2%
9th
SQL
52.8%
26th
Cobol
47.9%
Popularity
Language
% Correct
18th
Pascal
45.5%
16th
Lisp
40.5%
13th
Assembly
38.7%
20th
Haskell
33.8%
25th
Ada
27.2%
11th
Shell
27.2%
19th
Scheme
23.2%
17th
Delphi
22%
14th
ActionScript
21.7%
30th
Scala
21.3%
22nd
Lua
20.8%
28th
Erlang
18.2%
29th
Smalltalk
16.3%
21st
Tcl
14.2%
24th
ColdFusion
10.1%
Quiz Playlist
Details
Report
Send in Message
Add To Playlist
More Info:
Source uses seven different search engines
Classic:
Type in answers that appear in a list
Quiz Source
Last Updated: Mar 30, 2017
Quiz Scoreboard
CHALLENGE
Sign Up to Join the Scoreboard
Show All
Scores
Hide
Comments
May contain spoilers
Recently Published
NBA Finals Game Top Scorers (2010s)
by flibbidy
Sports
5m
Guess the 'R' Things in 3 Words
by MSUKent
Miscellaneous
3m
Actor to Badly Drawn Movie III
by MoMosMoProblems
Movies
5m
More to Explore
Quiz From the Vault
Featured Blog Post
Where Does Lost Luggage Go?
hide this ad
You Might Also Like...
Tags
Computer Quiz
program
Programming
Programming Languages
Today's Top Quizzes in Science
Browse Science
hide this ad
Today's Top Quizzes in Computer
Browse Computer
Top Contributed Quizzes in Science
1
Trivia Jigsaw: Scientific Foursomes
2
The First 100 Digits of Pi
3
Trivia Jigsaw: Elements
4
Journey Through Space
5
'P' Natural World
6
Dashed Science
7
200 Digits of pi
8
'W' Natural World
9
A Equals A
10
Naming Acids
Explore More
Trending Topics
Crossword
Harry Potter
Marvel
NBA
Disney
Anime
Kpop
Song
WWE
Pokémon
Country
Puzzle
The Office
Soccer
NFL
hide this ad
More By:
dogeth
Quiz
Plays
Rating
Category
Featured
Created
30 popular programming languages
1,495
3.45
Science
Dec 25, 2010
10 Largest Known Stars
75
Science
Dec 25, 2010
Go to Creator's Profile
Score Distribution
Quiz Creator Spotlight
dogeth
Follow
Send a Message
Quizzes Created
-
Created Quiz Play Count
-
More By This Creator
Popular Quizzes Today
1
Find the US States - No Outlines Minefield
2
Find the US States
3
The Countries of the World
4
10 Largest US States in Order
5
Find the Countries of Europe - No Outlines Minefield
6
US States
7
Guess the 'R' Things in 3 Words
8
NBA Finals Game Top Scorers (2010s)
More Science Quizzes
Zoological Geography II
Published
Trending Quizzes
First Name TV: Leading Men
Match the Book to the Film II
First Name TV: Leading Women Drama
Match the Book to the Film VI
3-Word Movies in 1 Word II
Recently Updated
Women's Final Four Teams by Year
bhenderson79
Presidents Quartet II
eogle
Anything But Clue(do)
eogle
Anything But Oceanian Capitals
eogle
Anything But 7
eogle
Anything But Thing
eogle
Word Ladder: February 29
pecheneg
Song Title Questions
pecheneg
Women's NCAA Tournament #1 Seeds
pecheneg
Celebrity Mug Shots
pecheneg
Trending Topics
Crossword
NBA
Marvel
Harry Potter
Anime
Disney
Kpop
The Office
WWE
Song
Country
NFL
Puzzle
Soccer
Pokémon
Your Account Isn't Verified!
In order to create a playlist on Sporcle, you need to verify the email address you used during registration. Go to your
Sporcle Settings
to finish the process.
Report this User
Report this user for behavior that violates our
Community Guidelines
.
Details:
Send Report
Go to the Sporcle.com Mobile Site →
Comments